Lana Del Rey Lyrics with No Hints (1) - Statistics

General Stats
  • This quiz has been taken 7,718 times
  • The average score is 129 of 308
Answer Stats
Answer % Correct
a
92%
you
90%
the
83%
The
83%
me
80%
to
75%
an
71%
be
71%
and
61%
go
61%
on
61%
like
59%
she
58%
She
58%
your
57%
want
56%
girl
55%
her
55%
so
55%
they
53%
all
52%
can
52%
don't
52%
I'm
52%
have
51%
but
50%
It's
46%
for
45%
how
43%
see
43%
this
43%
know
42%
of
42%
them
42%
Carmen
41%
get
41%
with
39%
boys
38%
cause
38%
way
38%
you're
38%
girls
37%
doesn't
36%
God
36%
says
36%
by
35%
dress
35%
red
35%
up
35%
at
34%
problem
34%
top
34%
gives
33%
I've
33%
lying
33%
Lying
33%
she's
33%
butterflies
32%
Darling
32%
darling
32%
mean
32%
things
32%
alarming
31%
eyes
31%
free
31%
herself
31%
night
31%
shelf
31%
diamond
30%
fun
30%
high
30%
walk
30%
dying
29%
laughs
29%
now
29%
seen
29%
charming
28%
day
27%
everyone
27%
liquor's
27%
only
27%
still
27%
street
27%
having
26%
honestly
26%
mind's
25%
Put
25%
shining
25%
cartoon
24%
fooling
24%
star
24%
telling
24%
seventeen
23%
Sing
23%
white
23%
cherry
22%
party
22%
queen
22%
song
22%
walks
22%
age
21%
bats
21%
ice
21%
lightning
21%
lipstick
21%
streets
21%
again
20%
cream
20%
getting
20%
morning
20%
til
20%
truly
20%
dumb
19%
early
19%
famous
19%
Island
19%
soft
19%
That's
19%
alive
18%
Coney
18%
disarming
18%
little
18%
staying
18%
tiring
18%
eating
17%
camera's
16%
doing
16%
story
16%
dressed
15%
lies
15%
nowhere
15%
strangers
15%
Baby's
14%
looking
14%
favors
13%
kindness
13%
Relying
13%
audiotune
11%
knots
11%
smiling
10%
Tying
10%
No matching quizzes found
Score Distribution
Percent of People with Each Score
Percentile by Number Answered
Your Score History
You have not taken this quiz